000 00585nam a2200181Ia 4500
008 151202s9999||||xx |||||||||||||| ||und||
082 _bPNVM-49355
100 _aगोगटे शकुंतला.
245 _aअसत्यम शिवम सुंदरम.
260 _b---
260 _c0
300 _a0
600 _aगोगटे शकुंतला.
630 _aअसत्यम शिवम सुंदरम.
700 _aगोगटे शकुंतला.
730 _aअसत्यम शिवम सुंदरम.
942 _cBOOK
999 _c1315256
_d1315253